The twenty-third year book of the national society for the study of education / (Record no. 65113)
[ view plain ]
| 000 -LEADER | |
|---|---|
| fixed length control field | 00734nam a2200217 a 4500 |
| 001 - CONTROL NUMBER | |
| control field | 65113 |
| 003 - CONTROL NUMBER IDENTIFIER | |
| rucl marc code | BD-RjUL |
| 005 - DATE AND TIME OF LATEST TRANSACTION | |
| control field | 20211209081404.0 |
| 008 - FIXED-LENGTH DATA ELEMENTS--GENERAL INFORMATION | |
| fixed length control field | 170227s1924 ill |||| |||| 00| 0 eng d |
| 035 ## - SYSTEM CONTROL NUMBER | |
| System control number | (BD-RjUL) 65243 |
| 040 ## - CATALOGING SOURCE | |
| Original cataloging agency | BD-RjUL |
| Language of cataloging | eng |
| Transcribing agency | BD-RjUL |
| Modifying agency | eng |
| 041 ## - LANGUAGE CODE | |
| Language code of text/sound track or separate title | eng |
| 082 ## - DEWEY DECIMAL CLASSIFICATION NUMBER | |
| Edition number | 23 |
| Classification number | 370.15 |
| Author mark and year | WHT Pt.-1 1924 |
| 245 ## - TITLE STATEMENT | |
| Title | The twenty-third year book of the national society for the study of education / |
| Statement of responsibility, etc. | Guy M., Whipple, |
| 260 ## - PUBLICATION, DISTRIBUTION, ETC. (IMPRINT) | |
| Place of publication, distribution, etc. | Illinois : |
| Name of publisher, distributor, etc. | Public School Pulishing, |
| Date of publication, distribution, etc. | 1924 |
| 300 ## - PHYSICAL DESCRIPTION | |
| Pagination | pt. ; |
| Size | 25 cm. |
| 505 0# - FORMATTED CONTENTS NOTE | |
| Formatted contents note | Pt.-1 : Report of the society's committee on the education of gifted children |
| 650 ## - SUBJECT ADDED ENTRY--TOPICAL TERM | |
| Topical term or geographic name as entry element | Educational Philosophy |
| General subdivision | Education |
| 9 (RLIN) | 192885 |
| 700 ## - ADDED ENTRY--PERSONAL NAME | |
| Personal name | Whipple, Guy M. |
| 942 ## - ADDED ENTRY ELEMENTS (KOHA) | |
| Source of classification or shelving scheme | Dewey Decimal Classification |
| Koha item type | Books |
| Lost status | Source of classification or shelving scheme | Damaged status | Not for loan | Collection code | Permanent Location | Current Location | Shelving location | Date acquired | Source of acquisition | Cost, normal purchase price | Total Checkouts | Full call number | Date last seen | Copy number | Koha item type |
|---|---|---|---|---|---|---|---|---|---|---|---|---|---|---|---|
| Dewey Decimal Classification | Not For Loan | Non-fiction | Central Library, University of Rajshahi | Central Library, University of Rajshahi | Reading Room | 09/10/1957 | Pak. American Co. | 13.07 | 370.15 TWE Pt.-1 1924 | 27/02/2017 | C-1 | Books |